书目信息 |
| 题名: |
三国志精华
|
|
| 作者: | 陈寿, 著 ;周学兵 译注 | |
| 分册: | ||
| 出版信息: | 沈阳 辽宁人民出版社 2018 |
|
| 页数: | 350页 | |
| 开本: | 23cm | |
| 丛书名: | 传世名著典藏丛书 | |
| 单 册: | ||
| 中图分类: | K236.042 | |
| 科图分类: | ||
| 主题词: | 三国时代--san guo shi dai--古代史--纪传体 | |
| 电子资源: | ||
| ISBN: | 978-7-205-09265-8 | |
| 000 | 01260nam 2200289 450 | |
| 001 | 012001009290 | |
| 005 | 20140101100100.0 | |
| 010 | @a978-7-205-09265-8@dCNY54.00 | |
| 099 | @aCAL 012018199660 | |
| 100 | @a20181015d2018 em y0chiy50 ea | |
| 101 | 0 | @achi |
| 102 | @aCN@b210000 | |
| 105 | @aa z 000yy | |
| 106 | @ar | |
| 200 | 1 | @a三国志精华@Asan guo zhi jing hua@f(西晋) 陈寿著@g周学兵译注 |
| 210 | @a沈阳@c辽宁人民出版社@d2018 | |
| 215 | @a350页@c图@d23cm | |
| 225 | 2 | @a传世名著典藏丛书@Achuan shi ming zhu dian cang cong shu@e中华传统经典解读@h第三辑 |
| 330 | @a《三国志》与《史记》《汉书》《后汉书》并称“前四史”。记载东汉末年至西晋初约百年的历史。《三国志》的作者陈寿, 曾在蜀汉任职。蜀汉灭亡。西晋代魏以后。被征入洛阳担任著作郎的职务。《三国志》是三国分立时期结束后文化重新整合的产物。《三国志》早以《魏志》《蜀志》《吴志》三书单独流传, 直到北宋咸平六年三书才合为一书, 流传至今。 | |
| 410 | 0 | @12001 @a传世名著典藏丛书 (中华传统经典解读)@h第三辑 |
| 605 | @a三国志@Asan guo zhi@x译文 | |
| 606 | 0 | @a三国时代@Asan guo shi dai@x古代史@j纪传体 |
| 690 | @aK236.042@v5 | |
| 701 | 0 | @a陈寿,@Achen shou@f233-297@4著 |
| 702 | 0 | @a周学兵@Azhou xue bing@4译注 |
| 801 | 0 | @aCN@b上海新华@c20191020 |
| 905 | @b1187627-30@dK236.042@e115@f4 | |
| 三国志精华/(西晋) 陈寿著/周学兵译注.-沈阳:辽宁人民出版社,2018 |
| 350页:图;23cm.-(传世名著典藏丛书:中华传统经典解读.第三辑) |
| ISBN 978-7-205-09265-8:CNY54.00 |
| 《三国志》与《史记》《汉书》《后汉书》并称“前四史”。记载东汉末年至西晋初约百年的历史。《三国志》的作者陈寿, 曾在蜀汉任职。蜀汉灭亡。西晋代魏以后。被征入洛阳担任著作郎的职务。《三国志》是三国分立时期结束后文化重新整合的产物。《三国志》早以《魏志》《蜀志》《吴志》三书单独流传, 直到北宋咸平六年三书才合为一书, 流传至今。 |
| ● |
| 相关链接 |
|
|
|
|
正题名:三国志精华
索取号:K236.042/115
 
预约/预借
| 序号 | 登录号 | 条形码 | 馆藏地/架位号 | 状态 | 备注 |
| 1 | 1187627 | 211876273 | 第二样本阅览室/ [索取号:K236.042/115] | 在馆 | |
| 2 | 1187628 | 211876282 | 第二借阅区/ [索取号:K236.042/115] | 在馆 | |
| 3 | 1187629 | 211876291 | 第二借阅区/ [索取号:K236.042/115] | 在馆 | |
| 4 | 1187630 | 211876308 | 第二借阅区/ [索取号:K236.042/115] | 在馆 |